000 00516nam a2200181 a 4500
005 20231004191647.0
008 991125s1980 ea 000 0 eng u
020 _a0824206517
035 _aUPN01000035116
049 _aCE
050 4 _aZ716.3
_bG3.4
100 1 _aGarvey, Mona
245 1 0 _aLibrary public relations :
_ba practical handbook /
_cby Mona Garvey.
260 _aNew York :
_bH. W. Wilson,
_c1980.
300 _a160 p. :
_bil.
650 4 _aRelaciones públicas
_xBibliotecas
_918881
905 _aLibro
999 _c35116
_d35116